Statistics for Country by Cities #2

Click here to take the quiz!

General Stats

  • This quiz has been taken 327 times
  • The average score is 13 of 26

Answer Stats

CitiesCountry% Correct
Townsville, Perth, AdelaideAustralia
96%
Thessaloniki, Patras, SpartaGreece
95%
St. Gallen, Lausanne, ZürichSwitzerland
94%
Belfast, Glasgow, EdinburghUnited Kingdom
94%
Volgograd, Vladivostok, NovosibirskRussia
94%
Dresden, Düsseldorf, HamburgGermany
94%
Aragon, Valencia, SevilleSpain
94%
Phuket, Chiang Mai, PattayaThailand
80%
Recife, Curitiba, Belo HorizonteBrazil
78%
La Plata, Mendoza, CórdobaArgentina
63%
Ica, Arequipa, CuscoPeru
58%
Jyväskylä, Turku, EspooFinland
55%
Malacca City, Kuching, PutrajayaMalaysia
40%
Sharjah, Umm al-Quwain, FujairahUnited Arab Emirates
40%
Chongjin, Hamhung, RasonNorth Korea
36%
Oran, Constantine, In AménasAlgeria
35%
Kandy, Jaffna, GalleSri Lanka
27%
Kruševo, Bitola, OhridMacedonia
26%
Lobito, Huambo, BenguelaAngola
19%
San Juan del Sur, Bluefields, GranadaNicaragua
17%
Saint James Parish, Speightstown, OistinsBarbados
11%
Baucau, Balibo, SuaiEast Timor
8%
Iconi, N'Tsoudjini, MitsoudjéComoros
7%
Ali Sabieh, Tadjoura, ObockDjibouti
7%
Betio Village, Bikenibeu Village, Banana VillageKiribati
7%
Yei, Wau, BorSouth Sudan
6%

Score Distribution

Percentile by Number Answered

Percent of People with Each Score

Your Score History

You have not taken this quiz